000
00207nam a22000857a 4500
008
161202b xxu||||| |||| 00| 0 eng d
100
_9
1736
_a
IMPULSE
245
_a
Believe it or not !
260
_a
Mumbai
_b
P.P.
_c
2011
999
_c
4445
_d
4445